Data Warehousing: Concepts, Techniques, Praducts and Applications (Record no. 204)

MARC details
000 -LEADER
fixed length control field 00484nam a22001817a 4500
005 - DATE AND TIME OF LATEST TRANSACTION
control field 20210910101534.0
008 - FIXED-LENGTH DATA ELEMENTS--GENERAL INFORMATION
fixed length control field 160428b xxu||||| |||| 00| 0 eng d
020 ## - INTERNATIONAL STANDARD BOOK NUMBER
ISBN 81-2032068-9
041 ## - LANGUAGE CODE
Language code of text/sound track or separate title eng
082 ## - DEWEY DECIMAL CLASSIFICATION NUMBER
Item number 00702
Classification number 005.74
100 ## - MAIN ENTRY--AUTHOR NAME
Personal name Prabhu, C.S.R.
245 ## - TITLE STATEMENT
Title Data Warehousing: Concepts, Techniques, Praducts and Applications
250 ## - EDITION STATEMENT
Edition statement 2nd ed.
260 ## - PUBLICATION, DISTRIBUTION, ETC. (IMPRINT)
Place of publication New Delhi
Name of publisher PHI Pvt Ltd.
Year of publication 2002
300 ## - PHYSICAL DESCRIPTION
Number of Pages 148
650 ## - SUBJECT ADDED ENTRY--TOPICAL TERM
Topical Term Information Technology
942 ## - ADDED ENTRY ELEMENTS (KOHA)
Koha item type Books
Holdings
Lost status Damaged status Home library Current library Shelving location Date acquired Cost, normal purchase price Full call number Accession Number Koha item type Collection code Source of acquisition
    JRU Library   SHELF-5-B 28/04/2016 175.00 00698 00698 Books    
    JRU Library   SHELF-30-B 28/04/2016 175.00 00698 00699 Books Reference  
    JRU Library   SHELF-5-B 28/04/2016 175.00 00698 00700 Books    
    JRU Library JRU Library SHELF-52-A 28/04/2016 175.00 005.74 00701 Books CS/IT PURCHASE
    JRU Library JRU Library SHELF-52-A 28/04/2016 175.00 005.74 00702 Books CS/IT PURCHASE
    JRU Library JRU Library SHELF-52-A 28/04/2016 175.00 005.74 00703 Books CS/IT PURCHASE
    JRU Library JRU Library SHELF-52-A 28/04/2016 175.00 005.74 00704 Books CS/IT PURCHASE
    JRU Library JRU Library SHELF-52-A 28/04/2016 175.00 005.74 00705 Books CS/IT PURCHASE
    JRU Library JRU Library SHELF-52-A 28/04/2016 175.00 005.74 00706 Books CS/IT PURCHASE
    JRU Library JRU Library SHELF-52-A 28/04/2016 175.00 005.74 00707 Books CS/IT PURCHASE
    JRU Library JRU Library SHELF-52-A 28/04/2016 175.00 005.74 00708 Books CS/IT PURCHASE
    JRU Library JRU Library SHELF-52-A 25/09/2017 225.00 00698 22114 Books CS/IT Purchase
    JRU Library JRU Library SHELF-52-A 25/09/2017 225.00 00698 22115 Books CS/IT Purchase
    JRU Library JRU Library SHELF-52-A 25/09/2017 225.00 00698 22116 Books CS/IT Purchase
    JRU Library   SHELF-5-B 25/09/2017 225.00 00698 22117 Books   Purchase
    JRU Library JRU Library SHELF-52-A 25/09/2017 225.00 00698 22118 Books CS/IT Purchase
    JRU Library JRU Library SHELF-52-A 04/12/2017 225.00 00698 22220 Books CS/IT PURCHESS